[Event "SWE-chT 1011"]
[Site "Sweden"]
[Date "2011.01.15"]
[Round "6"]
[White "Hall, Jesper"]
[Black "Madebrink, Lars"]
[Result "1-0"]
[WhiteElo "2490"]
[BlackElo "2247"]
[PlyCount "69"]
[EventDate "2010.10.08"]
[EventType "team-tourn"]
[EventRounds "11"]
[EventCountry "SWE"]
[SourceTitle "EXT 2012"]
[Source "ChessBase"]
[SourceDate "2011.11.24"]
[SourceVersion "1"]
[SourceVersionDate "2011.11.24"]
[SourceQuality "1"]
[WhiteTeam "Lunds"]
[BlackTeam "Kamraterna"]
[WhiteTeamCountry "SWE"]
[BlackTeamCountry "SWE"]

1. e4 d5 2. exd5 Qxd5 3. Nc3 Qd6 4. d4 Nf6 5. Bc4 c6 6. Nge2 Bg4 7. f3 Bf5 8. g4 Be6 9. Bf4 Qd7 10. Bd3 g6 11. Be5 Bg7 12. h4 Qd8 13. Nf4 Nbd7 14. Nxe6 fxe6 15. Bg3 Qb6 16. Qd2 0-0-0 17. Ne2 Nd5 18. 0-0-0 e5 19. Bc4 exd4 20. Nxd4 Ne5 21. Bb3 c5 22. Qe2 cxd4 23. Bxe5 Bxe5 24. Qxe5 Nc7 25. Qxe7 Rhe8 26. Qxh7 d3 27. cxd3 Re2 28. Qg7 Nb5 29. Kb1 Nd4 30. h5 gxh5 31. gxh5 a5 32. Rhe1 Rxe1 33. Rxe1 Nxf3 34. Rc1+ Kb8 35. Qg3+ 1-0

[Event "SWE-chT 0607"]
[Site "Sweden"]
[Date "2007.03.18"]
[Round "11"]
[White "Hall, Jesper"]
[Black "Nithander, Victor"]
[Result "1-0"]
[WhiteElo "2530"]
[BlackElo "2420"]
[PlyCount "63"]
[EventDate "2006.10.20"]
[EventType "team"]
[EventRounds "11"]
[EventCountry "SWE"]
[SourceTitle "EXT 2009"]
[Source "ChessBase"]
[SourceDate "2008.11.26"]
[SourceVersion "1"]
[SourceVersionDate "2008.11.26"]
[SourceQuality "1"]
[WhiteTeam "Lund"]
[BlackTeam "Manhem"]
[WhiteTeamCountry "SWE"]
[BlackTeamCountry "SWE"]

1. e4 g6 2. d4 Bg7 3. Nc3 d6 4. Be3 a6 5. Qd2 Nd7 6. f3 b5 7. a4 b4 8. Nd1 a5 9. Nh3 e5 10. Bb5 Ne7 11. dxe5 dxe5 12. c3 bxc3 13. Nxc3 0-0 14. Rd1 c6 15. Be2 Qc7 16. Nf2 Re8 17. 0-0 Nf8 18. Bc4 Ne6 19. Ne2 Rd8 20. Qc3 Nd4 21. Nxd4 exd4 22. Rxd4 Rb8 23. b3 Bd7 24. Qc1 c5 25. Rdd1 Nc6 26. Bxc5 Be5 27. Qh6 Nb4 28. Bd4 Nc2 29. Bxe5 Qxe5 30. Rd5 Qc3 31. Rd3 Qf6 32. Qd2 1-0

[Event "SWE-chT 0607"]
[Site "Sweden"]
[Date "2007.03.16"]
[Round "9"]
[White "Gdanski, Jacek"]
[Black "Hall, Jesper"]
[Result "1/2-1/2"]
[WhiteElo "2584"]
[BlackElo "2530"]
[PlyCount "25"]
[EventDate "2006.10.20"]
[EventType "team"]
[EventRounds "11"]
[EventCountry "SWE"]
[SourceTitle "EXT 2009"]
[Source "ChessBase"]
[SourceDate "2008.11.26"]
[SourceVersion "1"]
[SourceVersionDate "2008.11.26"]
[SourceQuality "1"]
[WhiteTeam "Eksjo"]
[BlackTeam "Lund"]
[WhiteTeamCountry "SWE"]
[BlackTeamCountry "SWE"]

1. e4 e6 2. d4 d5 3. Nc3 Nc6 4. Nf3 Nf6 5. e5 Ne4 6. Ne2 f6 7. exf6 Nxf6 8. Ng3 Bd6 9. Bb5 0-0 10. 0-0 a6 11. Bxc6 bxc6 12. c4 c5 13. dxc5 1/2-1/2

[Event "SWE-chT 0607"]
[Site "Sweden"]
[Date "2007.03.03"]
[Round "8"]
[White "Hellers, Ferdinand"]
[Black "Hall, Jesper"]
[Result "1/2-1/2"]
[WhiteElo "2640"]
[BlackElo "2530"]
[PlyCount "34"]
[EventDate "2006.10.20"]
[EventType "team"]
[EventRounds "11"]
[EventCountry "SWE"]
[SourceTitle "EXT 2009"]
[Source "ChessBase"]
[SourceDate "2008.11.26"]
[SourceVersion "1"]
[SourceVersionDate "2008.11.26"]
[SourceQuality "1"]
[WhiteTeam "Limhamn"]
[BlackTeam "Lund"]
[WhiteTeamCountry "SWE"]
[BlackTeamCountry "SWE"]

1. e4 e6 2. d4 d5 3. Nc3 Nc6 4. Nf3 Nf6 5. exd5 exd5 6. Bb5 Bb4 7. 0-0 0-0 8. Bxc6 bxc6 9. Ne5 Qe8 10. Re1 Be6 11. Bg5 Bxc3 12. bxc3 Ne4 13. Bd2 f6 14. Nd3 Qf7 15. f3 Nd6 16. Nb4 a5 17. Nd3 Rfe8 1/2-1/2

[Event "EU-chT (Men) 15th"]
[Site "Gothenburg"]
[Date "2005.08.07"]
[Round "9.1"]
[White "Hall, Jesper"]
[Black "Jones, Richard S"]
[Result "1-0"]
[WhiteElo "2487"]
[BlackElo "2325"]
[PlyCount "53"]
[EventDate "2005.07.30"]
[EventType "team-swiss"]
[EventRounds "9"]
[EventCountry "SWE"]
[SourceTitle "CBM 109"]
[Source "ChessBase"]
[SourceDate "2005.11.14"]
[SourceVersion "1"]
[SourceVersionDate "2005.11.14"]
[SourceQuality "1"]
[WhiteTeam "Sweden III"]
[BlackTeam "Wales"]
[WhiteTeamCountry "SWE"]
[BlackTeamCountry "WLS"]

1. d4 Nf6 2. Nc3 d5 3. Bg5 Nbd7 4. Qd3 h6 5. Bh4 e6 6. e4 dxe4 7. Nxe4 Be7 8. Nxf6+ Nxf6 9. 0-0-0 0-0 10. Nf3 b6 11. Ne5 Bb7 12. Rg1 Qd5 13. c4 Qa5 14. a3 Rfd8 15. g4 c5 16. d5 exd5 17. Qh3 d4 18. g5 hxg5 19. Rxg5 Rd6 20. Bd3 Bf8 21. Rdg1 Ne4 22. Bxe4 Bxe4 23. Qg4 Bg6 24. Nxg6 Rxg6 25. Rxg6 fxg6 26. Qe6+ Kh8 27. Bg5 1-0

[Event "EU-chT (Men) 15th"]
[Site "Gothenburg"]
[Date "2005.08.03"]
[Round "5.2"]
[White "Van der Stricht, Geert"]
[Black "Hall, Jesper"]
[Result "1/2-1/2"]
[WhiteElo "2400"]
[BlackElo "2487"]
[PlyCount "42"]
[EventDate "2005.07.30"]
[EventType "team-swiss"]
[EventRounds "9"]
[EventCountry "SWE"]
[SourceTitle "CBM 109"]
[Source "ChessBase"]
[SourceDate "2005.11.14"]
[SourceVersion "1"]
[SourceVersionDate "2005.11.14"]
[SourceQuality "1"]
[WhiteTeam "Belgium"]
[BlackTeam "Sweden III"]
[WhiteTeamCountry "BEL"]
[BlackTeamCountry "SWE"]

1. d4 Nf6 2. c4 e6 3. Nc3 Bb4 4. Qc2 0-0 5. a3 Bxc3+ 6. Qxc3 b6 7. Bg5 Bb7 8. e3 d6 9. Ne2 Nbd7 10. Qd3 Qe7 11. Nc3 c5 12. Rd1 Rad8 13. d5 h6 14. Bh4 Ne5 15. Qc2 Ng6 16. Bg3 exd5 17. cxd5 Bc8 18. Be2 Bg4 19. f3 Bc8 20. Bf2 Nd7 21. 0-0 f5 1/2-1/2

[Event "SWE-chT 0405"]
[Site "Sweden"]
[Date "2004.??.??"]
[Round "3"]
[White "Hall, Jesper"]
[Black "Lyrberg, Patrik"]
[Result "1/2-1/2"]
[WhiteElo "2529"]
[BlackElo "2591"]
[PlyCount "50"]
[EventDate "2004.11.05"]
[EventType "team"]
[EventRounds "11"]
[EventCountry "SWE"]
[SourceTitle "EXT 2006"]
[Source "ChessBase"]
[SourceDate "2005.11.24"]
[SourceVersion "1"]
[SourceVersionDate "2005.11.24"]
[SourceQuality "1"]
[WhiteTeam "Lund"]
[BlackTeam "Wasa"]
[WhiteTeamCountry "SWE"]
[BlackTeamCountry "SWE"]

1. e4 e5 2. Nf3 Nc6 3. Bb5 a6 4. Ba4 b5 5. Bb3 Nf6 6. d4 Nxe4 7. dxe5 Nc5 8. Nc3 Nxb3 9. axb3 Bb7 10. 0-0 Be7 11. Nd5 0-0 12. Bf4 Nb4 13. Nxe7+ Qxe7 14. c3 Nd5 15. Bg3 f5 16. exf6 Qxf6 17. Qd2 d6 18. Rfe1 Qg6 19. Nd4 c5 20. Ne6 Rf6 21. Ng5 Rd8 22. f3 Rf5 23. Ne4 Nc7 24. Rad1 Rd5 25. Qc1 h6 1/2-1/2

[Event "SWE-chT 0304"]
[Site "Sweden"]
[Date "2004.??.??"]
[Round "7"]
[White "Hall, Jesper"]
[Black "Petrov, Marian"]
[Result "0-1"]
[WhiteElo "2529"]
[BlackElo "2519"]
[PlyCount "99"]
[EventDate "2003.10.??"]
[EventType "team"]
[EventRounds "11"]
[EventCountry "SWE"]
[SourceTitle "EXT 2005"]
[Source "ChessBase"]
[SourceDate "2004.11.15"]
[SourceVersion "1"]
[SourceVersionDate "2004.11.15"]
[SourceQuality "1"]
[WhiteTeam "Lund"]
[BlackTeam "Norrkoping Schack 08"]
[WhiteTeamCountry "SWE"]
[BlackTeamCountry "SWE"]

1. e4 c5 2. Nc3 Nc6 3. f4 g6 4. Nf3 Bg7 5. g3 e6 6. Bg2 Nge7 7. d3 0-0 8. 0-0 d6 9. Be3 b6 10. Bf2 Bb7 11. Qd2 Nd4 12. Nxd4 cxd4 13. Nb5 e5 14. Qb4 Nc8 15. a4 Qd7 16. c3 dxc3 17. bxc3 Bc6 18. d4 a6 19. d5 Bxb5 20. axb5 a5 21. Qb3 exf4 22. gxf4 Qc7 23. Bd4 Ne7 24. f5 gxf5 25. exf5 Bxd4+ 26. cxd4 f6 27. Rac1 Qd8 28. Rce1 Qd7 29. Re6 Kh8 30. Qe3 Rf7 31. Re1 Nxf5 32. Qf4 Ng7 33. Rxd6 Qxb5 34. Rc6 a4 35. Qd6 Qa5 36. Rec1 Rg8 37. Kh1 Qd2 38. R6c2 Qxd4 39. Rc8 Ne8 40. Qc6 Qg4 41. d6 Rd7 42. Bf3 Qf5 43. Rg1 Rxg1+ 44. Kxg1 Kg7 45. Rxe8 Qg6+ 46. Kf2 Qxe8 47. Bg4 Rd8 48. Qc7+ Kf8 49. Be6 a3 50. Qc3 0-1

[Event "SWE-chT 0304"]
[Site "Sweden"]
[Date "2004.??.??"]
[Round "10"]
[White "Kulaots, Kaido"]
[Black "Hall, Jesper"]
[Result "1/2-1/2"]
[WhiteElo "2598"]
[BlackElo "2529"]
[PlyCount "105"]
[EventDate "2003.10.??"]
[EventType "team"]
[EventRounds "11"]
[EventCountry "SWE"]
[SourceTitle "EXT 2005"]
[Source "ChessBase"]
[SourceDate "2004.11.15"]
[SourceVersion "1"]
[SourceVersionDate "2004.11.15"]
[SourceQuality "1"]
[WhiteTeam "Sodra"]
[BlackTeam "Lund"]
[WhiteTeamCountry "SWE"]
[BlackTeamCountry "SWE"]

1. e4 c5 2. Nf3 e6 3. d4 cxd4 4. Nxd4 Nc6 5. Nc3 Qc7 6. Be3 Nf6 7. f4 d6 8. g4 Nxd4 9. Qxd4 Nxg4 10. 0-0-0 Nxe3 11. Qxe3 a6 12. e5 dxe5 13. fxe5 Bb4 14. Rd3 0-0 15. Rg1 f5 16. exf6 Bc5 17. Qg3 Qxg3 18. Rgxg3 Rxf6 19. Bg2 Be7 20. Ne4 Rh6 21. h3 e5 22. Ng5 Rh5 23. Bd5+ Kf8 24. Rdf3+ Bf6 25. Ne4 Ke7 26. Nxf6 gxf6 27. Rg7+ Kd6 28. Bxb7 Bxb7 29. Rxf6+ Kd5 30. Rxb7 Rxh3 31. Rd7+ Ke4 32. Rf1 h5 33. Rh7 Rg8 34. Re1+ Re3 35. Rh1 Rg2 36. R7xh5 Ree2 37. R5h4+ Kf3 38. Rc4 e4 39. b4 e3 40. a4 Ref2 41. b5 axb5 42. axb5 Rg5 43. Rc3 Rfg2 44. b6 Rg1+ 45. Rxg1 Rxg1+ 46. Kb2 Rg8 47. Rc6 Re8 48. b7 Rb8 49. Rf6+ Kg2 50. Kc3 Rxb7 51. Kd3 Rc7 52. Re6 Kf2 53. Rf6+ 1/2-1/2

[Event "SWE-chT 0203"]
[Site "Sweden"]
[Date "2003.03.15"]
[Round "10"]
[White "Ehlvest, Jaan"]
[Black "Hall, Jesper"]
[Result "1-0"]
[WhiteElo "2650"]
[BlackElo "2489"]
[PlyCount "85"]
[EventDate "2002.10.11"]
[EventType "team"]
[EventRounds "11"]
[EventCountry "SWE"]
[SourceTitle "EXT 2004"]
[Source "ChessBase"]
[SourceDate "2003.11.25"]
[SourceVersion "1"]
[SourceVersionDate "2003.11.25"]
[SourceQuality "1"]
[WhiteTeam "Stockholm Rockaden"]
[BlackTeam "Lund"]
[WhiteTeamCountry "SWE"]
[BlackTeamCountry "SWE"]

1. d4 Nf6 2. Nf3 e6 3. c4 c5 4. g3 cxd4 5. Nxd4 Bb4+ 6. Bd2 Be7 7. Bg2 Nc6 8. Bc3 0-0 9. 0-0 Qc7 10. Nd2 b6 11. Nb5 Qb8 12. Ne4 Nxe4 13. Bxe4 Rd8 14. Qd3 h6 15. Rfd1 Bb7 16. Nd6 Bxd6 17. Qxd6 Qxd6 18. Rxd6 Na5 19. Bxb7 Nxb7 20. Rd4 d6 21. b3 Rac8 22. Bd2 Kf8 23. Rd1 Rc6 24. g4 Ke7 25. f3 Nc5 26. Kf2 a6 27. Be3 Nd7 28. g5 hxg5 29. Bxg5+ f6 30. Bd2 b5 31. Ba5 Rb8 32. Bb4 Rbb6 33. cxb5 axb5 34. Rg1 Kf7 35. Rdg4 g5 36. h4 Ne5 37. Rd4 Ra6 38. a3 Rc2 39. hxg5 f5 40. Bxd6 Ng6 41. Bb4 e5 42. Rd7+ Ke6 43. Rg7 1-0

[Event "SWE-chT 0203"]
[Site "Sweden"]
[Date "2003.03.15"]
[Round "9"]
[White "Hall, Jesper"]
[Black "Cramling, Pia"]
[Result "1/2-1/2"]
[WhiteElo "2489"]
[BlackElo "2563"]
[PlyCount "105"]
[EventDate "2002.10.11"]
[EventType "team"]
[EventRounds "11"]
[EventCountry "SWE"]
[SourceTitle "EXT 2004"]
[Source "ChessBase"]
[SourceDate "2003.11.25"]
[SourceVersion "1"]
[SourceVersionDate "2003.11.25"]
[SourceQuality "1"]
[WhiteTeam "Lund"]
[BlackTeam "Passanten"]
[WhiteTeamCountry "SWE"]
[BlackTeamCountry "SWE"]

1. e4 c5 2. Nf3 e6 3. d3 Nc6 4. g3 Nge7 5. Bg2 g6 6. h4 h6 7. c3 Bg7 8. 0-0 e5 9. a3 d6 10. b4 0-0 11. Nbd2 Be6 12. Re1 Qd7 13. Bb2 b6 14. Rb1 Rad8 15. d4 exd4 16. cxd4 d5 17. bxc5 bxc5 18. dxc5 Bxb2 19. Rxb2 dxe4 20. Rxe4 Bd5 21. Re1 Qf5 22. Qc2 Qf6 23. Ne4 Qg7 24. Qc3 Qxc3 25. Nxc3 Bxf3 26. Bxf3 Rd3 27. Re3 Rxe3 28. fxe3 Rc8 29. Bg4 Rd8 30. Be2 Nf5 31. Kf2 Kg7 32. Ne4 Re8 33. Nd6 Nxd6 34. cxd6 Rd8 35. Rd2 Ne5 36. Rd4 Kf6 37. Ra4 Rd7 38. Ra6 Kf5 39. Bf1 Ke6 40. e4 Ng4+ 41. Ke1 Ke5 42. Bb5 Rxd6 43. Rxa7 f6 44. Be8 Kxe4 45. Ke2 f5 46. Bb5 Ke5 47. Ra6 Rd5 48. a4 Nf6 49. Bc4 Rd6 50. Rxd6 Kxd6 51. Bf7 g5 52. hxg5 hxg5 53. Bg6 1/2-1/2

[Event "SWE-chT 0203"]
[Site "Sweden"]
[Date "2003.01.18"]
[Round "6"]
[White "Djurhuus, Rune"]
[Black "Hall, Jesper"]
[Result "1-0"]
[WhiteElo "2480"]
[BlackElo "2489"]
[PlyCount "125"]
[EventDate "2002.10.11"]
[EventType "team"]
[EventRounds "11"]
[EventCountry "SWE"]
[SourceTitle "EXT 2004"]
[Source "ChessBase"]
[SourceDate "2003.11.25"]
[SourceVersion "1"]
[SourceVersionDate "2003.11.25"]
[SourceQuality "1"]
[WhiteTeam "Skara"]
[BlackTeam "Lund"]
[WhiteTeamCountry "SWE"]
[BlackTeamCountry "SWE"]

1. e4 c5 2. Nf3 Nc6 3. Bb5 g6 4. Bxc6 bxc6 5. 0-0 Bg7 6. Re1 Nf6 7. Nc3 0-0 8. e5 Nd5 9. Nxd5 cxd5 10. d4 d6 11. Bf4 dxe5 12. Nxe5 Bb7 13. dxc5 Rc8 14. b4 f6 15. Nf3 e5 16. Bc1 d4 17. Bb2 Rf7 18. Qe2 Qd5 19. Red1 Rd7 20. Ne1 Rcd8 21. a4 f5 22. c3 a5 23. c4 Qc6 24. b5 Qxc5 25. Ba3 Qc7 26. c5 Bd5 27. c6 Rf7 28. Rab1 e4 29. Rdc1 d3 30. Qd2 Rb8 31. Bb2 Bxb2 32. Rxb2 f4 33. Nxd3 exd3 34. Qxd3 Be6 35. Qd4 Rd8 36. Qc3 Qb6 37. h4 f3 38. Qe3 Qxe3 39. fxe3 Bd5 40. Rd2 f2+ 41. Rxf2 Rxf2 42. Kxf2 Kf7 43. b6 Ke6 44. Kg3 Re8 45. c7 Kd7 46. Rd1 Rxe3+ 47. Kf4 Re4+ 48. Kg5 Re5+ 49. Kh6 Kc8 50. Kxh7 Kb7 51. Kxg6 Be6 52. h5 Re2 53. h6 Rxg2+ 54. Kf6 Bc8 55. Rd6 Rh2 56. Kg7 Rg2+ 57. Rg6 Rh2 58. h7 Bf5 59. Rh6 Rg2+ 60. Kf7 Bxh7 61. Rxh7 Rf2+ 62. Ke7 Re2+ 63. Kd8 1-0

[Event "Bundesliga 0102"]
[Site "Germany"]
[Date "2002.04.28"]
[Round "15.3"]
[White "Berkvens, Joost"]
[Black "Hall, Jesper"]
[Result "1/2-1/2"]
[WhiteElo "2444"]
[BlackElo "2501"]
[PlyCount "45"]
[EventDate "2001.10.06"]
[EventType "team-tourn"]
[EventRounds "15"]
[EventCountry "GER"]
[SourceTitle "EXT 2003"]
[Source "ChessBase"]
[SourceDate "2002.11.25"]
[SourceVersion "1"]
[SourceVersionDate "2002.11.25"]
[SourceQuality "1"]
[WhiteTeam "Heiligenhaus"]
[BlackTeam "Wattenscheid"]
[WhiteTeamCountry "GER"]
[BlackTeamCountry "GER"]

1. d4 Nf6 2. c4 e6 3. Nc3 Bb4 4. e3 c5 5. Nge2 cxd4 6. exd4 d5 7. a3 Be7 8. Nf4 Nc6 9. Be3 0-0 10. cxd5 Nxd5 11. Ncxd5 exd5 12. Bd3 Bf6 13. 0-0 g6 14. Rc1 Qd6 15. Qf3 Ne7 16. Bb1 Rd8 17. Rc5 b6 18. Nxd5 Nxd5 19. Rxd5 Qxd5 20. Be4 Qe6 21. Bxa8 Bxd4 22. Rd1 Bf6 23. Rxd8+ 1/2-1/2

[Event "SWE-chT 0102"]
[Site "Sweden"]
[Date "2002.03.02"]
[Round "8"]
[White "Hector, Jonny"]
[Black "Hall, Jesper"]
[Result "1-0"]
[WhiteElo "2509"]
[BlackElo "2506"]
[PlyCount "69"]
[EventDate "2001.10.12"]
[EventType "team"]
[EventRounds "11"]
[EventCountry "SWE"]
[SourceTitle "EXT 2003"]
[Source "ChessBase"]
[SourceDate "2002.11.25"]
[SourceVersion "1"]
[SourceVersionDate "2002.11.25"]
[SourceQuality "1"]
[WhiteTeam "Limhamn"]
[BlackTeam "Lunds"]
[WhiteTeamCountry "SWE"]
[BlackTeamCountry "SWE"]

1. e4 c5 2. Nf3 e6 3. d4 cxd4 4. Nxd4 Nf6 5. Nc3 Nc6 6. Nxc6 bxc6 7. e5 Nd5 8. Ne4 Qc7 9. f4 f5 10. exf6 Nxf6 11. Nxf6+ gxf6 12. Qh5+ Kd8 13. Be2 Qb6 14. Bd2 d5 15. Qf7 Be7 16. Bc3 Rf8 17. Qxh7 Rb8 18. Qd3 e5 19. Qd2 Bb4 20. fxe5 Bxc3 21. bxc3 Re8 22. exf6 Ba6 23. f7 Kd7 24. fxe8Q+ Rxe8 25. Qd4 Rxe2+ 26. Kd1 Qb2 27. Rc1 Re4 28. Qf6 Qb5 29. Qf3 Qc5 30. Qh3+ Kc7 31. Rb1 Re3 32. Qh8 Rxc3 33. Qg7+ Kc8 34. Re1 Re3 35. Qg4+ 1-0

[Event "SWE-chT 0102"]
[Site "Sweden"]
[Date "2002.01.19"]
[Round "6"]
[White "Svenn, Gosta"]
[Black "Hall, Jesper"]
[Result "0-1"]
[WhiteElo "2422"]
[BlackElo "2506"]
[PlyCount "72"]
[EventDate "2001.10.12"]
[EventType "team"]
[EventRounds "11"]
[EventCountry "SWE"]
[SourceTitle "EXT 2003"]
[Source "ChessBase"]
[SourceDate "2002.11.25"]
[SourceVersion "1"]
[SourceVersionDate "2002.11.25"]
[SourceQuality "1"]
[WhiteTeam "Kamraterna"]
[BlackTeam "Lunds"]
[WhiteTeamCountry "SWE"]
[BlackTeamCountry "SWE"]

1. d4 Nf6 2. c4 e6 3. Nf3 c5 4. d5 d6 5. Nc3 exd5 6. cxd5 g6 7. e4 a6 8. a4 Bg4 9. Be2 Bxf3 10. Bxf3 Nbd7 11. Bf4 Qc7 12. 0-0 Bg7 13. Be2 0-0 14. Bg3 c4 15. Kh1 Rfe8 16. Qc2 b6 17. Rad1 Rab8 18. f4 b5 19. axb5 axb5 20. e5 dxe5 21. d6 Qc6 22. fxe5 Nxe5 23. Bh4 Re6 24. Bf3 Nxf3 25. Rxf3 Rd8 26. Bxf6 Bxf6 27. Rff1 Rdxd6 28. Rxd6 Rxd6 29. Ne4 Re6 30. Nxf6+ Rxf6 31. Rd1 Rd6 32. Re1 Rd3 33. Qf2 Qd5 34. h4 Qd4 35. Re8+ Kg7 36. Qe2 Rd1+ 0-1

[Event "SWE-chT 0102"]
[Site "Sweden"]
[Date "2001.10.14"]
[Round "3"]
[White "Lyrberg, Patrik"]
[Black "Hall, Jesper"]
[Result "1-0"]
[WhiteElo "2432"]
[BlackElo "2506"]
[PlyCount "87"]
[EventDate "2001.10.12"]
[EventType "team"]
[EventRounds "11"]
[EventCountry "SWE"]
[SourceTitle "EXT 2003"]
[Source "ChessBase"]
[SourceDate "2002.11.25"]
[SourceVersion "1"]
[SourceVersionDate "2002.11.25"]
[SourceQuality "1"]
[WhiteTeam "Wasa"]
[BlackTeam "Lunds"]
[WhiteTeamCountry "SWE"]
[BlackTeamCountry "SWE"]

1. d4 Nf6 2. c4 e6 3. Nc3 Bb4 4. e3 c5 5. Bd3 Nc6 6. Nge2 cxd4 7. exd4 d5 8. 0-0 0-0 9. a3 Be7 10. c5 b6 11. Bb5 Bd7 12. b4 bxc5 13. bxc5 Na5 14. Bd3 Bc6 15. Bc2 Nc4 16. Bf4 Re8 17. Qd3 g6 18. Bb3 Na5 19. Ba2 Nh5 20. Bd2 Bf8 21. Qa6 Bb7 22. Qb5 Bc6 23. Qd3 Nf6 24. Rab1 e5 25. Qa6 Re6 26. dxe5 Bb7 27. Qd3 Rxe5 28. Bf4 Re8 29. Nb5 Ba6 30. Rfc1 Qd7 31. Ned4 Rac8 32. Qd2 Nc6 33. Nxc6 Rxc6 34. Nd6 Bxd6 35. cxd6 Bc4 36. Bxc4 dxc4 37. Qd4 Qf5 38. Re1 Rec8 39. Rbd1 Nd7 40. Bh6 Qf6 41. Qg4 Ne5 42. d7 Rd8 43. Bg5 Nxg4 44. Re8+ 1-0

[Event "EU-Cup 17th"]
[Site "Panormo"]
[Date "2001.09.29"]
[Round "7.2"]
[White "Hall, Jesper"]
[Black "Berend, Fred"]
[Result "1-0"]
[WhiteElo "2501"]
[BlackElo "2362"]
[PlyCount "107"]
[EventDate "2001.09.22"]
[EventType "team-swiss"]
[EventRounds "7"]
[EventCountry "GRE"]
[SourceTitle "CBM 084 Extra"]
[Source "ChessBase"]
[SourceDate "2001.10.26"]
[SourceVersion "1"]
[SourceVersionDate "2001.10.26"]
[SourceQuality "1"]
[WhiteTeam "Helsinge"]
[BlackTeam "Bonnevoie Gambit"]
[WhiteTeamCountry "DEN"]
[BlackTeamCountry "LUX"]

1. e4 c5 2. Nf3 e6 3. d3 Nc6 4. g3 Nf6 5. Bg2 d5 6. Nbd2 Be7 7. 0-0 Qc7 8. Re1 b6 9. a3 Bb7 10. c3 0-0-0 11. b4 dxe4 12. dxe4 Ng4 13. Qa4 Nge5 14. Nxe5 Qxe5 15. Qc2 Qc7 16. Nc4 cxb4 17. axb4 b5 18. Na5 Nxa5 19. bxa5 a6 20. Be3 Rd7 21. Bb6 Qc6 22. Rad1 Kb8 23. Rxd7 Qxd7 24. Rd1 Qc6 25. Qd2 Bf6 26. Qf4+ Ka8 27. Bd4 Rd8 28. Rc1 e5 29. Bxe5 Bxe5 30. Qxe5 b4 31. c4 f6 32. Qe7 Rd6 33. c5 Rd2 34. Qxg7 Ka7 35. Qf7 f5 36. Qc4 Rb2 37. Qd4 Rb3 38. Re1 Rc3 39. Qxb4 Rxc5 40. Qb6+ Qxb6 41. axb6+ Kxb6 42. exf5 Bxg2 43. Kxg2 Rxf5 44. g4 Rf7 45. h4 a5 46. g5 a4 47. Ra1 Ra7 48. f4 Kc5 49. h5 a3 50. f5 Kd6 51. g6 hxg6 52. fxg6 Ra5 53. Rxa3 Rxh5 54. g7 1-0

[Event "EU-Cup 17th"]
[Site "Panormo"]
[Date "2001.09.24"]
[Round "2.2"]
[White "Berzinsh, Roland"]
[Black "Hall, Jesper"]
[Result "0-1"]
[WhiteElo "2478"]
[BlackElo "2501"]
[PlyCount "164"]
[EventDate "2001.09.22"]
[EventType "team-swiss"]
[EventRounds "7"]
[EventCountry "GRE"]
[SourceTitle "CBM 084 Extra"]
[Source "ChessBase"]
[SourceDate "2001.10.26"]
[SourceVersion "1"]
[SourceVersionDate "2001.10.26"]
[SourceQuality "1"]
[WhiteTeam "Riga"]
[BlackTeam "Helsinge"]
[WhiteTeamCountry "LAT"]
[BlackTeamCountry "DEN"]

1. e4 c5 2. Nf3 Nc6 3. d4 cxd4 4. Nxd4 Nf6 5. Nc3 e6 6. Ndb5 Bc5 7. Bf4 0-0 8. Bc7 Qe7 9. Bd6 Bxd6 10. Qxd6 Ne8 11. Qxe7 Nxe7 12. 0-0-0 f5 13. Bd3 fxe4 14. Bxe4 d5 15. Bf3 Bd7 16. Rhe1 a6 17. Nd4 Nc7 18. Rd2 Nc6 19. Na4 Rae8 20. Nc5 Nxd4 21. Rxd4 Bc6 22. Nd3 Nb5 23. Rg4 Nd6 24. Ne5 Rf6 25. Rb4 Nf7 26. Nxc6 bxc6 27. Rb6 e5 28. c4 e4 29. cxd5 cxd5 30. Rxf6 gxf6 31. Be2 a5 32. Rd1 Rd8 33. Rd4 Ne5 34. Kd2 Nc6 35. Ra4 Rb8 36. Kc1 Kf7 37. Ra3 Ke6 38. Rh3 Rb7 39. b3 Ke5 40. Rh5+ Kd4 41. Rf5 Nb4 42. a3 Na2+ 43. Kc2 Rc7+ 44. Kd2 Nc3 45. Bh5 Nb1+ 46. Kd1 Nxa3 47. Rxf6 Rc3 48. Rd6 Rc2 49. Ke1 Nb5 50. Ra6 Ra2 51. g3 Ra1+ 52. Kd2 Nc3 53. Ra7 Rh1 54. h4 Rh2 55. Ke1 Rh1+ 56. Kd2 Rf1 57. Rf7 Rxf2+ 58. Rxf2 e3+ 59. Ke1 exf2+ 60. Kxf2 Ne4+ 61. Kg2 Nc5 62. Bd1 Kc3 63. g4 Nxb3 64. Bxb3 Kxb3 65. g5 a4 66. h5 a3 67. g6 hxg6 68. hxg6 a2 69. g7 a1Q 70. g8Q Qe5 71. Qf7 Kc3 72. Qb7 d4 73. Qa8 Qe2+ 74. Kh1 d3 75. Qa3+ Kd4 76. Qd6+ Ke3 77. Qc5+ Kf3 78. Qh5+ Kg3 79. Qg5+ Qg4 80. Qe5+ Kf3 81. Qf6+ Qf4 82. Qc3 Qh4+ 0-1

[Event "SWE-chT 0001"]
[Site "Sweden"]
[Date "2001.03.18"]
[Round "11"]
[White "Eklund, Lars Goran"]
[Black "Hall, Jesper"]
[Result "1/2-1/2"]
[WhiteElo "2312"]
[BlackElo "2524"]
[PlyCount "46"]
[EventDate "2000.10.13"]
[EventType "team"]
[EventRounds "11"]
[EventCountry "SWE"]
[SourceTitle "EXT 2006"]
[Source "ChessBase"]
[SourceDate "2005.11.24"]
[SourceVersion "1"]
[SourceVersionDate "2005.11.24"]
[SourceQuality "1"]
[WhiteTeam "Skara"]
[BlackTeam "Lunds"]
[WhiteTeamCountry "SWE"]
[BlackTeamCountry "SWE"]

1. Nf3 c5 2. c4 Nc6 3. d4 cxd4 4. Nxd4 e6 5. a3 Nf6 6. Nc3 a6 7. e4 Qc7 8. Be2 Be7 9. Be3 d6 10. 0-0 Ne5 11. Rc1 b6 12. f4 Ned7 13. f5 Ne5 14. Kh1 Qb7 15. fxe6 fxe6 16. Nf3 0-0 17. Nxe5 dxe5 18. Qb3 Bc5 19. Na4 Bxe3 20. Qxe3 Rb8 21. c5 bxc5 22. Nxc5 Qxb2 23. Bc4 Kh8 1/2-1/2